Santa Teresa de Los Andes: la primera en los altares
Saved in:
| Main Author: | |
|---|---|
| Format: | Book |
| Language: | Spanish |
| Published: |
Santiago
Don Bosco S. A
2012
|
| Edition: | 8a. ed |
| Series: | Héroes de Nuestro Tiempo, 65
|
| Subjects: | |
| Tags: |
Add Tag
No Tags, Be the first to tag this record!
|
MARC
| LEADER | 00000cam a2200000 a 4500 | ||
|---|---|---|---|
| 001 | UCF7612 | ||
| 003 | CL-VaPUC | ||
| 008 | 130627e20121000CL |||||||||||||||||spa|d | ||
| 020 | |a 978956180218X | ||
| 082 | 0 | 4 | |a 922.22 |b GIN |2 21 |
| 100 | |a Ginés Ortega, Jesús |e author |9 579005 | ||
| 245 | 1 | 0 | |a Santa Teresa de Los Andes: la primera en los altares |
| 250 | |a 8a. ed | ||
| 300 | |a 37 p | ||
| 942 | |c BK | ||
| 945 | |d 20130627 00:00:00 |a dcastane | ||
| 260 | |a Santiago |b Don Bosco S. A |c 2012 | ||
| 650 | 0 | |a Catolicismo |9 258690 | |
| 650 | 0 | |a Iglesia Católica |9 256114 | |
| 650 | 0 | |a Personajes |9 329683 | |
| 650 | 0 | |a Biografías |9 255210 | |
| 650 | 7 | |a CANONIZACION |2 CL-VaPUC |9 258734 | |
| 650 | 7 | |a SANTUARIOS |2 CL-VaPUC |9 267802 | |
| 583 | |a last modification |c 20130627 13:18:00 |k Rodrigo Vera | ||
| 490 | 0 | |a Héroes de Nuestro Tiempo, 65 | |
| 999 | |c 352421 |d 352419 | ||